Memoria

En la Carta Europea de Autonomía Municipal se define dicho concepto y se observan los alcances del mismo, además se estipulan cuestiones como la protección de los límites territoriales de las entidades locales, la adecuación de las estructuras administrativas y el control administrativo de los actos...

Descrizione completa

Salvato in:
Dettagli Bibliografici
Natura: testo
Pubblicazione: San José: Fundación DEMUCA
Soggetti:
Tags: Aggiungi Tag
Nessun Tag, puoi essere il primo ad aggiungerne!!

MARC

LEADER 00000 a a2200000 04500
001 21930
003
040
090 |a 146209  
245 |a Memoria  
260 |a San José:   |b Fundación DEMUCA  
300 |a 97 p.; vol. 3  
520 |a En la Carta Europea de Autonomía Municipal se define dicho concepto y se observan los alcances del mismo, además se estipulan cuestiones como la protección de los límites territoriales de las entidades locales, la adecuación de las estructuras administrativas y el control administrativo de los actos de las entidades locales los recursos financieros, el derecho de asociación y la protección legal de la autonomía municipal. REV/LCL  
650 |a GOBIERNO LOCAL  
650 |a DESARROLLO LOCAL  
650 |a AUTONOMIA ADMINISTRATIVA  
650 |a ASPECTOS JURIDICOS  
650 |a FINANZAS LOCALES  
999 |c 16388  |d 16388